| 000 | 01061nam a2200277 a 4500 | ||
|---|---|---|---|
| 001 | 000007706 | ||
| 003 | DO-SdBNP | ||
| 005 | 20240412074205.0 | ||
| 007 | ta | ||
| 008 | 090907e2007 dr a cr 001 pdspa d | ||
| 020 | _a9789945161052 | ||
| 040 |
_aDO-SdBNP _bspa _cBNPHU |
||
| 082 |
_aRD861.5 _bD542c |
||
| 100 | 1 |
_aDíaz Felipe, Maya Ixchel, _d1997- _921375 |
|
| 245 | 1 | 0 |
_aCanto a la naturaleza / _cMaya Ixchel Díaz Felipe ; prólogo Jaime Tatem Brache. |
| 260 |
_aSanto Domingo : _bEdiciones AQI, _c2007 |
||
| 300 |
_a72 p. : _bil., retrs. ; _c22 cm. |
||
| 500 | _aIncluye datos biográficos de la autora en las solapas de las cubiertas | ||
| 505 | 0 | _aPrólogo / Jaime Tatem Brache -- La voz de Maya / Bruno Rosario Candelier -- Opiniones de poetas interioristas sobre la poesía de Maya / Pedro José Gris. | |
| 590 | _aInventariado, 2019 / DG | ||
| 650 | 0 |
_aLiteratura dominicana. _967 |
|
| 650 | 4 |
_aPoesía dominicana _966 |
|
| 650 | 4 |
_aPoesías infantiles dominicanas _977602 |
|
| 700 | 1 |
_aTatem Brache, Jaime _epról. _921377 |
|
| 942 |
_2ddc _cLBS1 |
||
| 999 |
_c7485 _d7485 |
||